| 000 | 00794cab a2200217 4500 | ||
|---|---|---|---|
| 001 | WB3146-07 | ||
| 008 | 090401t1995 xxu||||| |||| 00| 0 eng d | ||
| 035 | _a(Sirsi) u45657 | ||
| 041 | _aeng | ||
| 245 | _aNew basement guidance issued | ||
| 260 | _c1995 | ||
| 350 | _a0 | ||
| 490 |
_aDoE News Release _v(587) 30 November 1995, (2) |
||
| 520 | _aThe Construction Minster has issued a jointly sponsored DOE and Basement Development Group consultation paper "Basements for Dwellings", which will provide guidance on the design and construction of basements for residential accommodation. | ||
| 650 | _aBASEMENTS | ||
| 650 |
_aBUILDING REGULATIONS _96224 |
||
| 650 |
_aRESIDENTIAL PROPERTY _96266 |
||
| 690 | _aBUILDING AND CONSTRUCTION-REGULATIONS | ||
| 942 | _n0 | ||
| 948 | _c04/03/1997 | ||
| 999 |
_c28904 _d28904 |
||